| 000 | 00805nam a2200277 i 4500 | ||
|---|---|---|---|
| 001 | bg | ||
| 100 | 1 | _aVESEY, Godfrey | |
| 245 | 1 | 0 |
_aFilozofia : _bsłownik encyklopedyczny / _cGodfrey Vesey i Paul Foulkes ; [tł. z ang. Marcin Iwanicki et al.]. |
| 246 |
_iTyt. oryg.: _aCollins dictionarry of philosophy |
||
| 260 |
_a[Warszawa] : _bRTW, _c1997. |
||
| 300 |
_a369 s. : _brys. ; _c20 cm. |
||
| 490 | 1 | _aCollins | |
| 500 | _aOryg.: Collins dictionarry of philosophy" 1990. | ||
| 650 | 9 | _aFilozofia | |
| 655 | _aEncyklopedie | ||
| 700 | 1 | _aFOULKES, Paul | |
| 700 | 1 |
_aIWANICKI, Marcin. _eTł. |
|
| 830 | _aCollins | ||
| 020 | _a838682252X | ||
| 040 | _cBPK | ||
| 041 | 1 |
_apl _hen |
|
| 080 | _a1(038) | ||
| 920 | _a83-86822-52-X | ||
| 942 | _cKS | ||
| 008 | s pl f |000 0 pol | ||
| 999 |
_c31352 _d31352 |
||
| 856 |
_uhttp://koha.tu.koszalin.pl/cgi-bin/koha/opac-detail.pl?biblionumber=31352 _yKatalog online BPK |
||